Bridge, Canal, Dam, Skyscraper, or Tunnel - U.S. Infrastructure Quiz - Statistics

General Stats
  • This quiz has been taken 38 times
  • The average score is 14 of 32
Answer Stats
Hint Answer % Correct
Golden Gate Bridge
84%
Hoover Dam
84%
Empire State Skyscraper
84%
Brooklyn Bridge
78%
Chrysler Skyscraper
78%
Rockefeller Skyscraper
72%
Erie Canal
69%
Willis Skyscraper
56%
Sunshine Skyway Bridge
47%
Verrazzano-Narrows Bridge
47%
Chesapeake & Ohio Canal
47%
Glen Canyon Dam
47%
Holland Tunnel
47%
Tacoma Narrows Bridge
44%
Grand Coulee Dam
44%
Mackinac Bridge
41%
Lincoln Tunnel
41%
Seven Mile Bridge
38%
Illinois & Michigan Canal
38%
Pennsylvania Canal
38%
Cape Cod Canal
34%
Queens-Midtown Tunnel
34%
Tappen Zee Bridge
31%
Wilshire Grand Skyscraper
31%
Detroit-Windsor Tunnel
31%
U.S. Steel Skyscraper
28%
Ted Williams Tunnel
28%
Royal Gorge Bridge
22%
Transamereica Skyscraper
22%
Oroville Dam
19%
Eisenhower Memorial Tunnel
13%
New River Gorge Bridge
9%
No matching quizzes found
Score Distribution
Percent of People with Each Score
Percentile by Number Answered
Your Score History
You have not taken this quiz